000
00337nam a22001457a 4500
020
_a
978-93-84761-54-7
041
_a
ENG
100
_a
Karna.B
245
_a
General Knowledge
260
_a
Ashochak
_b
lucent Pub
_c
2018
300
_a
410
650
_a
Baniking
700
_a
Kumar.S , Mukul .M, Suman.R.P
856
_u
Competitive Exam
999
_c
234
_d
234